000 00317 a2200109 4500
001 ART_11617
005 20260410161858.0
008 260409a
245 1 0 _aET, OT and SBT
100 1 _aMusgrave, Richard A.
773 0 _tJournal of public economics
_g- Vol. 6, NÂș 1/2 (jul./ago. 1976)
_wREV11485
999 _c25671
_d25671